Catàleg del Col·legi de Periodistes de Catalunya

Guia de comunicació clara [Recurs electrònic] (Registre núm. 7854)

000 -CABECERA
Campo de control de longitud fija 00831nam a22001577a 4500
008 - CAMPO FIJO DE DESCRIPCIÓN FIJA--INFORMACIÓN GENERAL
Campo de control de longitud fija 230717b ||||| |||| 00| 0 eng d
040 ## - FUENTE DE CATALOGACIÓN
Agencia de catalogación original CDMR
110 1# - ENCABEZAMIENTO PRINCIPAL--NOMBRE CORPORATIVO
9 (RLIN) 1064
Nombre corporativo o de jurisdicción como elemento de entrada Catalunya
Unidad subordinada -- Generalitat. Direcció General de Serveis Digitals i Experiència Ciutadana (DGSEC)
245 ## - MENCIÓN DE TÍTULO
Título Guia de comunicació clara [Recurs electrònic]
Mención de responsabilidad, etc. / [Generalitat de Catalunya. Direcció General de Serveis Digitals i Experiència Ciutadana (DGSEC)]
260 ## - PUBLICACIÓN, DISTRIBUCIÓN, ETC (PIE DE IMPRENTA)
Lugar de publicación, distribución, etc. Barcelona :
Nombre del editor, distribuidor, etc. Generalitat de Catalunya,
Fecha de publicación, distribución, etc. 2024
300 ## - DESCRIPCIÓN FÍSICA
Extensión 1 recurs electrònic (46 pàgines)
650 #0 - ASIENTO SECUNDARIO DE MATERIA--TÉRMINO DE MATERIA
9 (RLIN) 4925
Nombre de materia o nombre geográfico como elemento de entrada Documents adminitratius
Subdivisión de forma Redacció
Subdivisión geográfica Catalunya
650 #0 - ASIENTO SECUNDARIO DE MATERIA--TÉRMINO DE MATERIA
9 (RLIN) 4926
Nombre de materia o nombre geográfico como elemento de entrada Català administratiu
856 ## - ACCESO ELECTRÓNICO
Identificador uniforme del recurso URI <a href="https://atenciociutadana.gencat.cat/web/.content/0-subweb-comunicacio-clara/home/destacat-guia-pdf/guia-comunicacio-clara.pdf">https://atenciociutadana.gencat.cat/web/.content/0-subweb-comunicacio-clara/home/destacat-guia-pdf/guia-comunicacio-clara.pdf</a>
Nota Pública Accés en línia
942 ## - ELEMENTOS KOHA
Fuente de clasificación o esquema de ordenación en estanterías
Koha tipo de item Llibres electrònics
Fons
Suprimido Perdido Fuente de clasificación o esquema de ordenación en estanterías Estropeado No se presta Localización (Biblioteca) Sublocalización o Colección (subbiblioteca) Fecha de adquisición Koha préstamos (veces que ha sido prestado) Koha signatura completa Koha Fecha de último uso Precio Koha tipo de item
          Centre de Documentació Montserrat Roig Centre de Documentació Montserrat Roig 2024-02-08   Disponible en línia 2024-02-08 2024-02-08 Llibres electrònics

Implantat amb Koha